• 首页
  • 本馆介绍
  • 公告通知
  • 最新文献
  • 馆藏检索
  • 电子资源
  • 读者导购
  • 参考咨询
  • 我的图书馆
  • 登录
  • 详细信息显示
  • 放入我的书架
  • 预约/预借图书
  • 作者相关作品
  • 分类相关作品
  • 丛书相关作品
  • 出版社相关作品

书目信息

  • 表格格式
  • 工作单格式
  • 卡片格式
题名:
近代中法教育交流史
    
 
作者: 张士伟 著
分册:  
出版信息: 天津   南开大学出版社  2014.12
页数: 220页
开本: 23cm
丛书名:
单 册:
中图分类: G529.5 , G556.594
科图分类:
主题词: 教育史--中国--近代 , 教育史--法国--近代 , 教育史
电子资源:
ISBN: 978-7-310-04729-1
000 00952nam0 2200277 450
001 0120141391231
005 20160512145720.26
010    @a978-7-310-04729-1@dCNY40.00
100    @a20150121d2014 em y0chiy50 ea
101 0  @achi
102    @aCN@b120000
105    @aac z 000yy
106    @ar
200 1  @a近代中法教育交流史@9jin dai zhong fa jiao yu jiao liu shi@f张士伟著
210    @a天津@c南开大学出版社@d2014.12
215    @a220页@c图,照片,肖像@d23cm
330    @a本书分为六章,主要内容包括:法国天主教在华教育交流、中法民间教育交流——从勤工俭学到中法大学、中法政府组织的教育交流;巴黎大学中国学院;法国教育管理体制在华试验;近代中法教育交流的特点。
333    @a教育史研究人员
606 0  @a教育史@y中国@z近代
606 0  @a教育史@y法国@z近代
606 0  @a教育史
690    @aG529.5@v5
690    @aG556.594@v5
701  0 @a张士伟@9zhang shi wei@4著
801  0 @aCN@b人天书店@c20150121
905    @b875956-61@dG529.5@e192@f6
    
    近代中法教育交流史/张士伟著.-天津:南开大学出版社,2014.12
    220页:图,照片,肖像;23cm
    使用对象:教育史研究人员
    
    ISBN 978-7-310-04729-1:CNY40.00
    本书分为六章,主要内容包括:法国天主教在华教育交流、中法民间教育交流——从勤工俭学到中法大学、中法政府组织的教育交流;巴黎大学中国学院;法国教育管理体制在华试验;近代中法教育交流的特点。
●
相关链接 在E读中查询图书 在五车中查询图书 在当当中查询图书 在豆瓣中查询图书


正题名:近代中法教育交流史     索取号:G529.5/192         预约/预借

序号 登录号 条形码 馆藏地/架位号 状态 备注
1 875956   208759565   第一样本阅览室/ [索取号:G529.5/192] 在馆    
2 875957   208759574   教育系资料室/ [索取号:G529.5/192] 在馆    
3 875958   208759583   教育系资料室/ [索取号:G529.5/192] 在馆    
4 875959   208759592   教育系资料室/ [索取号:G529.5/192] 在馆    
5 875960   208759609   第四借阅区/ [索取号:G529.5/192] 在馆    
6 875961   208759618   第四借阅区/ [索取号:G529.5/192] 在馆    
唐山师范学院图书馆 欢迎您!
大连网信软件有限公司© 版权所有